Animal stories

Bibliographic Details
Other Authors: Eccleshare, Julia
Format: Book
Published: London : Orchard Books , 1992
Subjects:

MARC

LEADER 00000cam a2200000 7i4500
001 0000003057
002 000003310
005 20030328.0
020 |a 1852133813 
090 0 0 |a JF   |b ANI 
245 0 0 |a Animal stories   |c compiled by Julia Eccleshare 
260 |a London :   |b Orchard Books ,   |c 1992 
300 |a 80p. :   |b ill. ;   |c 21cm. 
650 0 0 |a Children's stories 
700 1 |a Eccleshare, Julia 
999 |a 036036   |b BUKU   |c PINJAMAN   |e PERPUSTAKAAN KOMUNITI PETALING JAYA